Elementy architektury romańskiej - Statystyki

Ogólne statystyki
  • Ten quiz został rozwiązany 24 razy
  • Średni wynik to 8 z 19
Statystyki odpowiedzi
Opis Odpowiedź % Poprawnych
ozdobne architektoniczne obramienie drzwi wejściowych Portal
86%
arkadowe okno lub przeźrocze podzielone najczęściej kolumienką lub słupkiem na dwie części. Biforium
76%
dekoracja w postaci ornamentu lub obrazu, wykonana z drobnych, o różnej kolorystyce (dwu- lub wielobarwne), fakturze i kształcie kamyczków, kawałków szkła lub ceramiki. Mozaika
71%
arkadowe okno lub przeźrocze podzielone najczęściej kolumienkami lub słupkami na trzy części. Triforium
71%
pomieszczenie na rzucie półkola, półelipsy lub wieloboku, dostawione do bryły budynku. Apsyda
67%
pionowa podpora architektoniczna o przekroju koła lub wielokąta foremnego Kolumna
67%
budowla w układzie centralnym, wzniesiona na planie koła. Składa się z jednego pomieszczenia przykrytego często kopułą, czasem z dobudowanymi apsydami. Rotunda
62%
dolna część, podstawa kolumny, pilastra lub filaru stosowana w porządkach architektonicznych. Baza
57%
technika malarstwa ściennego polegająca na malowaniu na mokrym tynku farbami odpornymi na alkaliczne działanie zawartego w zaprawie wapna. Fresk
57%
najwyższa, wieńcząca część kolumny, filaru lub pilastra, będąca pośrednim członem konstrukcyjnym między podporą Kapitel
57%
półkoliste lub ostrołukowe pole nad drzwiami, wypełniające przestrzeń między nadprożem a łukiem portalu, u dołu zamknięte poziomo, u góry obramione łukowo, wypełnione rzeźbą lub płaskorzeźbą. Tympanon
43%
płaski, pionowy występ w murze zewnętrznym. Lizena
38%
sklepienie utworzone przez pojedynczą krzywiznę Sklepienie Kolebkowe
29%
linia krzywa, w kształcie półkola, wzdłuż której prowadzony jest łęk. Łuk półkolisty
24%
pośredni, poziomy człon belkowania z reguły położony między architrawem i gzymsem składający się z szeregu małych łuków, najczęściej pod okapem frontowych elewacji. Fryz arkadowy
19%
ukośne uformowanie ościeża okna lub drzwi, stosowane w murach o znacznej grubości zarówno od strony wewnętrznej budynku, jak i zewnętrznej. Glif
14%
wysunięty przed lico ściany, zwykle profilowany element architektoniczny w postaci poziomej listwy wystającej przed lico muru podpierany arkadami Gzyms arkadowy
5%
pionowy element konstrukcyjny budowli, mur odchodzący prostopadle na zewnątrz od ściany wysokiego budynku w postaci filara. Skarpa
0%
pionowy element o małym przekroju dostawiony do ściany lub filaru służka
0%
Nie znaleziono quizów pasujących do podanych kryteriów
Rozkład punktacji
Procent ludzi z każdym wynikiem
Percentyl według liczby udzielonych odpowiedzi
Twoja historia wyników
Nie rozwiązałeś tego quizu